LEADER 01459nam2-2200409---450 001 990002887670203316 005 20200115124134.0 010 $a85-260-0835-8 035 $a000288767 035 $aUSA01000288767 035 $a(ALEPH)000288767USA01 035 $a000288767 100 $a20070326d2003----km-y0itay50------ba 101 0 $apor 102 $aBR 105 $aa|||z|||001yy 200 1 $a<<2.>> : Sobrados e mucambos$edecadê do patriarcal rural e desenvolvimento do urbano$fGilberto Freyre$gapresentação de Roberto DaMatta$gbiobibliografia de Edson Nery da Fonseca$gnotas bibliográficas revistas e índices actualizados por Gustavo Henrique Tuna 205 $a14. ed. rev. 210 $aSãn Paulo$cGlobal$d2003 215 $a968 p., [16] c. di tav.$cill.$d24 cm 453 1$1001990002166570203316 461 1$1001000222153$12001$aIntroduçao a historia da sociedade patriarcal no Brasil 606 0 $aSchiavitù$yBrasile 607 $aBrasile$xCondizioni economiche e sociali 676 $a326 700 1$aFREYRE,$bGilberto$0450946 702 1$aMATTA,$bRoberto : da 702 1$aTUNA,$bGustavo Henrique 801 0$aIT$bsalbc$gISBD 912 $a990002887670203316 951 $aII.5. 5835/2$b194651 L.M.$cII.5.$d0012939 959 $aBK 969 $aUMA 979 $aANNAMARIA$b90$c20070326$lUSA01$h0841 979 $aANNAMARIA$b90$c20070326$lUSA01$h0850 996 $aSobrados e mucambos$9989550 997 $aUNISA LEADER 00942nam a2200289 i 4500 001 991001060379707536 005 20020507105909.0 008 970308s1968 uk ||| | eng 035 $ab10167894-39ule_inst 035 $aLE00641448$9ExL 040 $aDip.to Fisica$bita 084 $a53.7 084 $a53.8 084 $a546'.3 084 $aQD171 100 1 $aMarch, Norman H.$0461333 245 10$aLiquid metals /$cNorman H. March 260 $aOxford :$bPergamon,$c1968 300 $aviii, 133 p. . ill. ;$c24 cm. 490 0 $aInternational series of monographs in natural philosophy ;$v15 650 4$aLiquid metals 907 $a.b10167894$b17-02-17$c27-06-02 912 $a991001060379707536 945 $aLE006 53.7+53.8 MAR$g1$i2006000060585$lle006$o-$pE0.00$q-$rl$s- $t0$u0$v0$w0$x0$y.i10204921$z27-06-02 996 $aLiquid metals$9188270 997 $aUNISALENTO 998 $ale006$b01-01-97$cm$da $e-$feng$guk $h0$i1